Score 0/25 Timer 07:00
0 Plays Today
% Correct
Michigan
91.5%
New York
89.7%
Louisiana
89.5%
Texas
89.3%
Hawaii
85.5%
New Jersey
84.3%
Utah
78.9%
Georgia
76.4%
Alaska
74.1%
Ohio
74%
Florida
73.6%
South Carolina
67.3%
Massachusetts
66.8%
% Correct
California
64.7%
Oregon
63.9%
New Mexico
54.4%
Maryland
51.2%
South Dakota
47.1%
Washington
47%
Tennessee
41.8%
Virginia
40.8%
Pennsylvania
35.6%
Montana
35%
Indiana
34.7%
Kansas
33%
Remove Ads.
Support Sporcle.
Get the best of Sporcle when you Go Orange. This ad-free experience offers more features, more stats, and more fun while also helping to support Sporcle. Thank you for becoming a member.

You're not logged in!

Compare scores with friends on all Sporcle quizzes.
OR
Log In

Show Comments

Extras

Top Quizzes Today


Score Distribution

Your Account Isn't Verified!

In order to create a playlist on Sporcle, you need to verify the email address you used during registration. Go to your Sporcle Settings to finish the process.

Report this User

Report this user for behavior that violates our Community Guidelines.

Details: